000 01018 a2200217 4500
001 3772
005 20260407155430.0
008 260407a2010 arg spa d
003 AR-UNSa-BCEJYS
040 _aAR-UNSa-BCEJYS
_bspa
_cAR-UNSa-BCEJYS
080 _a339.5
_xComercio exterior. Comercio Internacional
245 1 0 _aDumping y comercio internacional
020 _a978-987-03-1587-2
264 1 _aBuenos Aires :
_bUniversidad de Buenos Aires. Facultad de Derecho. Departamento de Publicaciones
_c2010
300 _axviii, 363 p.
_c24 cm.
505 _a1. El concepto de Dumping - 2. La reglamentación antidumping - 3. Normas vinculadas a la reglamentación antidumping - 4. Elementos del dumping - 5. Experiencias nacionales - 6. Legislación antidumping y procesos de integración
942 _cBK
590 _aniveau_biblio:m niveau_hierar:0
100 1 _aBarral, Welber
856 4 1 _uhttps://biblioeco.unsa.edu.ar/pmb/images/libros/Dumping y Comercio Internacional-l117914.jpg
_yImagen de portada
_qimage/jpeg
999 _c357
_d357